[Event "104th YMCA Spring D"]
[Site "Warszawa"]
[Date "2012.05.09"]
[Round "5"]
[White "Herman, Monika"]
[Black "Duda, Ryszard"]
[Result "1/2-1/2"]
[WhiteElo "1670"]
[BlackElo "1692"]
[Annotator "M"]
[PlyCount "103"]
[EventDate "2012.04.10"]
[EventType "tourn"]
[EventRounds "1"]
[EventCountry "POL"]
[SourceDate "2012.04.11"]

1. e4 d6 2. d4 g6 3. Nc3 Bg7 4. Be3 e6 5. Be2 Ne7 6. Qd2 O-O 7. Bh6 a6 8. Bxg7
Kxg7 9. h4 Ng8 10. h5 g5 11. f4 h6 12. Nf3 f6 13. fxg5 fxg5 14. e5 Nc6 15. Qd3
Nge7 16. exd6 Qxd6 17. O-O-O b5 18. Ne4 Qf4+ 19. Nfd2 Nf5 20. Rdf1 Qe3 21. Rxf5
Qxd3 22. Rxg5+ hxg5 23. h6+ Kh8 24. Bxd3 Nxd4 25. Nxg5 c5 26. Bg6 Ra7 27. Nde4
Ne2+ 28. Kd2 Nf4 29. Nf7+ Raxf7 30. Bxf7 Rxf7 31. Nxc5 Nxg2 32. Ne4 Bb7 33. Nc5
Rf2+ 34. Kc3 Bd5 35. Nxa6 Ne3 36. Rc1 Kh7 37. Kd3 Nc4 38. b3 Nd6 39. Nc7 Be4+
40. Ke3 Rxc2 41. Rxc2 Bxc2 42. Nxe6 Bb1 43. a4 b4 44. Kd4 Bc2 45. Kc5 Bxb3 46.
Nd4 Bxa4 47. Kxb4 $11 Bd7 48. Kc5 Nf7 49. Kd5 Kxh6 50. Nf3 Bh3 51. Ne5 Bg2+ 52.
Ke6 $11 1/2-1/2

[Event "104th YMCA Spring D"]
[Site "Warszawa"]
[Date "2012.05.08"]
[Round "5"]
[White "Zwolan, Anna"]
[Black "Wrabel, Antoni"]
[Result "0-1"]
[WhiteElo "1679"]
[BlackElo "1713"]
[PlyCount "54"]
[EventDate "2012.04.10"]
[EventType "tourn"]
[EventRounds "1"]
[EventCountry "POL"]
[SourceDate "2012.04.11"]

1. e4 e5 2. Nf3 Nc6 3. Bb5 a6 4. Bxc6 dxc6 5. O-O Bg4 6. h3 Bxf3 7. Qxf3 Qf6 8.
Qb3 O-O-O 9. d3 g5 10. Nd2 Bc5 11. Nc4 b5 12. Ne3 h5 13. c4 g4 14. cxb5 gxh3
15. bxc6 Qxc6 16. Qxf7 hxg2 17. Nxg2 Rf8 18. Qc4 Qb6 19. Ne3 Ne7 20. Bd2 Rhg8+
21. Kh2 Qf6 22. Ng2 Qg6 23. Rg1 Qg4 24. Qxa6+ Kb8 25. Qb5+ Kc8 26. Qa6+ Kd7 27.
Qb5+ Nc6 0-1

[Event "104th YMCA Spring D"]
[Site "Warszawa"]
[Date "2012.04.24"]
[Round "5"]
[White "Gajewski, Wojciech"]
[Black "Bartczak, Hanna"]
[Result "0-1"]
[WhiteElo "1481"]
[BlackElo "1645"]
[PlyCount "100"]
[EventDate "2012.04.10"]
[EventType "tourn"]
[EventRounds "1"]
[EventCountry "POL"]
[SourceDate "2012.04.11"]

1. Nf3 Nf6 2. g3 g6 3. Bg2 Bg7 4. d3 d5 5. O-O O-O 6. Nbd2 c6 7. c3 Nbd7 8. Re1
Qc7 9. e4 Nc5 10. Qe2 dxe4 11. dxe4 e5 12. b4 Ne6 13. Bb2 Nd7 14. c4 b6 15. Bh3
Re8 16. Nb3 Bb7 17. Bxe6 Rxe6 18. c5 bxc5 19. bxc5 a5 20. a4 f6 21. Qc2 Bf8 22.
Ba3 Kg7 23. Nfd2 Ba6 24. Nc4 Bxc4 25. Qxc4 Ree8 26. Kg2 Nb8 27. Qc3 Na6 28.
Rec1 Red8 29. Rd1 Rdb8 30. Rd3 Nb4 31. Rd2 Qf7 32. Nxa5 Rxa5 33. Bxb4 Ra7 34.
Rda2 Qe6 35. Ra3 Rd8 36. Ba5 Rd4 37. Bb6 Ra8 38. Qe3 Qc4 39. Rc1 Qe6 40. a5 Kf7
41. a6 f5 42. exf5 gxf5 43. a7 Bh6 44. f4 Qd5+ 45. Kh3 exf4 46. Qb3 fxg3 47.
Qxd5+ Rxd5 48. hxg3 Bxc1 49. Ra4 Kf6 50. Rh4 h6 0-1

[Event "104th YMCA Spring D"]
[Site "Warszawa"]
[Date "2012.05.08"]
[Round "5"]
[White "Wilczynski, Adam"]
[Black "Jackiewicz, Jerzy"]
[Result "1-0"]
[WhiteElo "1654"]
[BlackElo "1668"]
[PlyCount "129"]
[EventDate "2012.04.10"]
[EventType "tourn"]
[EventRounds "1"]
[EventCountry "POL"]
[SourceDate "2012.04.11"]

1. Nf3 d5 2. c4 e6 3. g3 Nf6 4. Bg2 c6 5. Qc2 Be7 6. O-O O-O 7. d4 Nbd7 8. Nbd2
h6 9. e4 dxe4 10. Nxe4 Nxe4 11. Qxe4 Nf6 12. Qc2 Bd7 13. Be3 Rc8 14. Ne5 Bd6
15. h3 b5 16. b3 a5 17. Rad1 Qe7 18. Nxd7 Nxd7 19. f4 f5 20. Qd3 Nf6 21. Rfe1
bxc4 22. bxc4 Bb4 23. Bd2 Rfe8 24. Re2 Kf7 25. Be1 Qd7 26. Bf2 a4 27. Bf3 g6
28. Qc2 Qc7 29. Qxa4 Ba5 30. Re5 Bb6 31. Kg2 Nd7 32. Re2 Ba5 33. Rc1 Nf6 34.
Rb1 Red8 35. Reb2 Rb8 36. Rxb8 Rxb8 37. Rxb8 Qxb8 38. Qxa5 Ne4 39. Qe5 Qb1 40.
a4 Qc2 41. Bxe4 fxe4 42. a5 Qe2 43. Qc7+ Kf6 44. Qd8+ Kf7 45. Qc7+ Kf6 46. Qe5+
Kf7 47. d5 Qf3+ 48. Kg1 Qd1+ 49. Kh2 cxd5 50. cxd5 exd5 51. Qc7+ Ke6 52. Qb6+
Kf7 53. a6 Qa4 54. a7 Qa2 55. h4 h5 56. Kh3 Qa1 57. Kg2 Qa3 58. Qe3 Qa2 59. Qc5
Qb3 60. Qc7+ Ke6 61. Qe5+ Kf7 62. a8=Q Qf3+ 63. Kg1 Qd1+ 64. Kh2 Qd2 65. Qae8#
1-0

[Event "104th YMCA Spring D"]
[Site "Warszawa"]
[Date "2012.05.08"]
[Round "5"]
[White "Rozycki, Dariusz"]
[Black "Sokur, Ivan"]
[Result "0-1"]
[WhiteElo "1500"]
[BlackElo "1456"]
[PlyCount "60"]
[EventDate "2012.04.10"]
[EventType "tourn"]
[EventRounds "1"]
[EventCountry "POL"]
[SourceDate "2012.04.11"]

1. e4 e6 2. d4 d5 3. Nc3 c5 4. dxc5 Bxc5 5. exd5 Nf6 6. Bb5+ Bd7 7. dxe6 fxe6
8. Nf3 O-O 9. Bxd7 Qxd7 10. O-O Qxd1 11. Rxd1 Ng4 12. Ne4 Bb6 13. h3 Nf6 14.
Nd6 e5 15. Bg5 Nc6 16. Bxf6 Rxf6 17. Ne4 Rf4 18. Re1 h6 19. a3 Raf8 20. c4 Bd4
21. Nxd4 Nxd4 22. Rac1 b6 23. b4 g5 24. c5 bxc5 25. Rxc5 R4f5 26. Ng3 Rxf2 27.
Rexe5 Ra2 28. Rc7 Ra1+ 29. Kh2 Ra2 30. Rce7 Nf3+ 0-1

[Event "104th YMCA Spring D"]
[Site "Warszawa"]
[Date "2012.05.08"]
[Round "5"]
[White "Skwarek, Hubert"]
[Black "Budrewicz, Henryk"]
[Result "1-0"]
[WhiteElo "1631"]
[BlackElo "1633"]
[PlyCount "123"]
[EventDate "2012.04.10"]
[EventType "tourn"]
[EventRounds "1"]
[EventCountry "POL"]
[SourceDate "2012.04.11"]

1. e4 c5 2. Nf3 d6 3. d4 cxd4 4. Nxd4 a6 5. Nc3 Nf6 6. Bg5 h6 7. Bh4 g5 8. Bg3
Bg7 9. Be2 O-O 10. Qd2 Bd7 11. h4 g4 12. h5 Nc6 13. Nf5 Bxf5 14. exf5 Qa5 15.
Bf4 Kh7 16. Rh4 Ne5 17. O-O-O Rac8 18. Kb1 Rc7 19. Nd5 Qxd2 20. Rxd2 Nxd5 21.
Rxd5 Bf6 22. Rh1 Rg8 23. Bxe5 Bxe5 24. Rh4 Bf6 25. Rxg4 Rxg4 26. Bxg4 Rc4 27.
Bf3 b5 28. Rd3 Rc7 29. Ra3 Bd4 30. c3 Bxf2 31. Rxa6 Kg7 32. Rc6 Ra7 33. Rc8 Kf6
34. g4 e6 35. fxe6 fxe6 36. Be2 Rb7 37. Rf8+ Rf7 38. Rxf7+ Kxf7 39. Bxb5 e5 40.
Kc2 e4 41. Bc6 e3 42. Kd3 Bg1 43. b4 Ke6 44. c4 e2 45. Kxe2 Ba7 46. a4 Ke7 47.
Kd3 Kd8 48. Ke4 Kc7 49. Kd5 Be3 50. Ke4 Bd2 51. b5 Kb6 52. Kd5 Bf4 53. Ke6 Ka5
54. Kd7 Kb6 55. Bd5 Be5 56. g5 hxg5 57. h6 g4 58. h7 g3 59. a5+ Ka7 60. Kc6 Kb8
61. b6 g2 62. Bxg2 1-0

[Event "104th YMCA Spring D"]
[Site "Warszawa"]
[Date "2012.05.15"]
[Round "6"]
[White "Duda, Ryszard"]
[Black "Budrewicz, Henryk"]
[Result "1-0"]
[WhiteElo "1692"]
[BlackElo "1633"]
[PlyCount "111"]
[EventDate "2012.04.10"]
[EventType "tourn"]
[EventRounds "1"]
[EventCountry "POL"]
[SourceDate "2012.04.11"]

1. d4 e6 2. c4 b6 3. Nc3 Bb7 4. e3 f5 5. Nf3 Nf6 6. Be2 Be7 7. O-O d5 8. Qc2
O-O 9. a3 c5 10. Rd1 Qc8 11. dxc5 bxc5 12. b3 Na6 13. Bb2 Rd8 14. Rac1 Nc7 15.
Na4 Nce8 16. cxd5 Bxd5 17. Nc3 Bb7 18. Rxd8 Qxd8 19. Rd1 Qb6 20. Ne5 Rd8 21.
Rxd8 Qxd8 22. Bc4 Nd5 23. e4 fxe4 24. Nxe4 Nec7 25. g3 Ba6 26. Qe2 Bxc4 27.
Qxc4 Nb6 28. Qc2 Qd5 29. Nf3 Nb5 30. h4 Nd4 31. Nxd4 cxd4 32. Qd3 e5 33. Bc1 h6
34. a4 Nd7 35. Bd2 Nf6 36. f3 Nxe4 37. fxe4 Qd7 38. Kg2 Kh7 39. Qf3 Qe6 40. Kf2
g6 41. h5 g5 42. Ke2 g4 43. Qf5+ Qxf5 44. exf5 e4 45. Bf4 Kg7 46. Be5+ Bf6 47.
Bb8 a6 48. b4 Bg5 49. Be5+ Bf6 50. Bxf6+ Kxf6 51. b5 axb5 52. axb5 d3+ 53. Ke3
Kxf5 54. b6 Ke5 55. b7 d2 56. Kxd2 1-0

[Event "104th YMCA Spring D"]
[Site "Warszawa"]
[Date "2012.05.15"]
[Round "6"]
[White "Sokur, Ivan"]
[Black "Skwarek, Hubert"]
[Result "1-0"]
[WhiteElo "1456"]
[BlackElo "1631"]
[PlyCount "49"]
[EventDate "2012.04.10"]
[EventType "tourn"]
[EventRounds "1"]
[EventCountry "POL"]
[SourceDate "2012.04.11"]

1. d4 d5 2. c4 c6 3. Nc3 Nf6 4. Nf3 dxc4 5. e3 Bf5 6. Bxc4 e6 7. O-O Nbd7 8.
Bd3 Bxd3 9. Qxd3 Bb4 10. a3 Ba5 11. b4 Bc7 12. e4 O-O 13. Bg5 h6 14. Bh4 Qb8
15. e5 Nd5 16. Nxd5 cxd5 17. Qe3 Bd8 18. Rfc1 g5 19. Nxg5 hxg5 20. Bxg5 Re8 21.
Rc3 f6 22. exf6 Nxf6 23. Bf4 e5 24. Qg3+ Kf7 25. Bxe5 1-0

[Event "104th YMCA Spring D"]
[Site "Warszawa"]
[Date "2012.05.15"]
[Round "6"]
[White "Bartczak, Hanna"]
[Black "Wilczynski, Adam"]
[Result "0-1"]
[WhiteElo "1645"]
[BlackElo "1654"]
[PlyCount "56"]
[EventDate "2012.04.10"]
[EventType "tourn"]
[EventRounds "1"]
[EventCountry "POL"]
[SourceDate "2012.04.11"]

1. d4 Nf6 2. c4 e6 3. Nf3 b6 4. e3 Bb7 5. Bd3 Bb4+ 6. Bd2 a5 7. a3 Be7 8. O-O
Ne4 9. Bc1 O-O 10. Nbd2 f5 11. Qc2 d5 12. cxd5 exd5 13. Ne5 c5 14. b3 Nd7 15.
Ndf3 Rc8 16. Qb2 Bf6 17. Bb5 Nb8 18. b4 axb4 19. axb4 c4 20. Ra7 Rc7 21. Qa1
Nd6 22. Qa4 Nc8 23. Rxb7 Rxb7 24. Qa8 Qc7 25. Ba3 Nd6 26. Ba4 b5 27. Bc2 Nc6
28. Qa6 Rb6 0-1

[Event "104th YMCA Spring D"]
[Site "Warszawa"]
[Date "2012.05.15"]
[Round "6"]
[White "Wrabel, Antoni"]
[Black "Gajewski, Wojciech"]
[Result "1-0"]
[WhiteElo "1713"]
[BlackElo "1481"]
[PlyCount "81"]
[EventDate "2012.04.10"]
[EventType "tourn"]
[EventRounds "1"]
[EventCountry "POL"]
[SourceDate "2012.04.11"]

1. e4 g6 2. d4 Bg7 3. Nf3 d6 4. Bc4 a6 5. Bb3 Nd7 6. Ng5 e6 7. O-O h6 8. Nh3 c5
9. c3 Ne7 10. Be3 b6 11. Qd2 Bb7 12. f3 d5 13. Bc2 Rc8 14. Na3 Nf6 15. Nf2 Nd7
16. Rac1 Kf8 17. Bb1 Kg8 18. Rfd1 c4 19. Nc2 Kh7 20. Ne1 f5 21. g3 Nf6 22. exf5
exf5 23. Ng2 Rf8 24. Nf4 Rc6 25. h4 Bc8 26. Kg2 Kh8 27. Rh1 Nh5 28. Nxh5 gxh5
29. Nh3 Bd7 30. Nf4 Be8 31. Rce1 Qd7 32. Bf2 Bf7 33. Re2 Ng8 34. Rhe1 Re8 35.
Rxe8 Bxe8 36. Bxf5 Qxf5 37. Rxe8 Kh7 38. Qe2 Bf6 39. Re6 Rxe6 40. Qxe6 Qxe6 41.
Nxe6 1-0

[Event "104th YMCA Spring D"]
[Site "Warszawa"]
[Date "2012.05.16"]
[Round "6"]
[White "Herman, Monika"]
[Black "Zwolan, Anna"]
[Result "1-0"]
[WhiteElo "1670"]
[BlackElo "1679"]
[PlyCount "111"]
[EventDate "2012.04.10"]
[EventType "tourn"]
[EventRounds "1"]
[EventCountry "POL"]
[SourceDate "2012.04.11"]

1. e4 c5 2. c3 g6 3. d4 cxd4 4. cxd4 d5 5. exd5 Nf6 6. Bb5+ Nbd7 7. Nc3 Bg7 8.
Nf3 O-O 9. O-O Nb6 10. Bg5 Nbxd5 11. Re1 Qb6 12. Nxd5 Nxd5 13. Bc4 e6 14. Bxd5
exd5 15. Qd2 Bd7 16. Bh6 Rfe8 17. Bxg7 Kxg7 18. Rxe8 Rxe8 19. Re1 Rxe1+ 20.
Nxe1 Bf5 21. g3 Bh3 22. Ng2 Qb5 23. f3 h5 24. Kf2 Qa6 25. a3 Qb5 26. Ne3 Be6
27. Qe2 Qb6 28. Qd2 Qd6 29. Qa5 a6 30. Qc5 Qxc5 31. dxc5 Kf6 32. f4 g5 33. Kf3
d4 34. fxg5+ Kxg5 35. Nc2 d3 36. Nd4 d2 37. Ke2 Kg4 38. Kxd2 Kh3 39. Nf3 Bd5
40. Ke3 Kg2 41. Nd4 Kxh2 42. Kf4 f6 43. b4 Kg2 44. Nf5 Kh3 45. Ng7 h4 46. gxh4
Kxh4 47. Ne8 f5 48. Kxf5 Kg3 49. Ke5 Bc6 50. Nc7 Kg4 51. Kd6 Kf5 52. Nxa6 Ke4
53. Nb8 Bd5 54. b5 Kd4 55. c6 bxc6 56. Nxc6+ 1-0

[Event "104th YMCA Spring D"]
[Site "Warszawa"]
[Date "2012.03.22"]
[Round "7"]
[White "Zwolan, Anna"]
[Black "Duda, Ryszard"]
[Result "1/2-1/2"]
[WhiteElo "1679"]
[BlackElo "1692"]
[Annotator "M"]
[PlyCount "83"]
[EventDate "2012.04.10"]
[EventType "tourn"]
[EventRounds "1"]
[EventCountry "POL"]
[SourceDate "2012.04.11"]

1. e4 e6 2. d4 d5 3. exd5 exd5 4. Nc3 Bb4 5. Bd2 Nf6 6. Nf3 O-O 7. Be2 Re8 8.
O-O Bg4 9. Bg5 c6 10. Ne5 Bxe2 11. Nxe2 Be7 12. Ng3 g6 13. Qf3 Nbd7 14. Rfe1
Nxe5 15. Rxe5 Nd7 16. Rxe7 Rxe7 17. Bxe7 Qxe7 18. c3 Re8 19. h3 Nb6 20. Rd1 Nc4
21. b3 Nd6 22. Rd3 Qe1+ 23. Kh2 Qb1 24. Re3 Rxe3 25. Qxe3 Ne4 26. Qf4 Nxg3 27.
Qxg3 Qe4 28. Qb8+ $11 Kg7 29. Qxb7 Qf4+ 30. Kg1 Qc1+ 31. Kh2 Qxc3 32. Qxa7 h5
33. Qc5 Qb2 34. Qxc6 Qxd4 35. a4 Qf4+ 36. Kg1 d4 37. a5 Qd2 38. a6 Qc3 39. Qc4
Qe1+ 40. Qf1 Qc3 41. Qc4 Qe1+ 42. Qf1 1/2-1/2

[Event "104th YMCA Spring D"]
[Site "Warszawa"]
[Date "2012.05.23"]
[Round "7"]
[White "Gajewski, Wojciech"]
[Black "Herman, Monika"]
[Result "0-1"]
[WhiteElo "1481"]
[BlackElo "1670"]
[PlyCount "67"]
[EventDate "2012.04.10"]
[EventType "tourn"]
[EventRounds "1"]
[EventCountry "POL"]
[SourceDate "2012.04.11"]

1. Nf3 Nf6 2. g3 e6 3. d3 d5 4. Nbd2 Be7 5. Bg2 c5 6. O-O Nbd7 7. e4 dxe4 8.
dxe4 Qc7 9. Re1 e5 10. Nh4 g5 11. Nf5 Nb6 12. Ng7+ Kf8 13. Nh5 g4 14. Nxf6 Bxf6
15. Nf1 h5 16. Ne3 Qd8 17. Qe2 Be6 18. a4 Bg5 19. a5 Bxe3 20. Bxe3 Bc4 21.
Bxc5+ Kg7 22. Qe3 Nd7 23. Red1 Kg6 24. Bxa7 Qe7 25. Bb6 h4 26. Qd2 Nxb6 27.
Qd6+ Qe6 28. Qxe6+ Bxe6 29. axb6 Rhd8 30. Rxa8 Rxd1+ 31. Bf1 Bc4 32. Rg8+ Kf6
33. gxh4 Bxf1 34. h5 0-1

[Event "104th YMCA Spring D"]
[Site "Warszawa"]
[Date "2012.05.22"]
[Round "7"]
[White "Wilczynski, Adam"]
[Black "Wrabel, Antoni"]
[Result "0-1"]
[WhiteElo "1654"]
[BlackElo "1713"]
[PlyCount "90"]
[EventDate "2012.04.10"]
[EventType "tourn"]
[EventRounds "1"]
[EventCountry "POL"]
[SourceDate "2012.04.11"]

1. c4 g6 2. g3 Bg7 3. Bg2 e5 4. Nc3 Nc6 5. e4 Nge7 6. Nge2 O-O 7. O-O d6 8. d3
Be6 9. Nd5 Qd7 10. Bh6 f6 11. Bxg7 Kxg7 12. d4 Nxd4 13. Nxd4 exd4 14. Qxd4 Nc6
15. Qc3 Rf7 16. Nf4 Ne5 17. Nxe6+ Qxe6 18. Rac1 c5 19. a3 Nc6 20. f4 Nd4 21.
Rce1 Re7 22. b4 Rae8 23. bxc5 dxc5 24. Re3 Qd7 25. h3 h6 26. g4 Kh7 27. Rb1 b6
28. Rbe1 Qd6 29. Rf1 Qd7 30. Kh1 Qa4 31. Rc1 Qd7 32. Qe1 Qd6 33. Qf2 Rf8 34. h4
Kg7 35. Rf1 Ree8 36. Rh3 Qe6 37. e5 fxe5 38. Bd5 Qxg4 39. Qh2 Rxf4 40. Rg1 Qh5
41. Re1 Ref8 42. Qg3 Rf1+ 43. Rxf1 Rxf1+ 44. Kh2 Qe2+ 45. Bg2 Nf3+ 0-1

[Event "104th YMCA Spring D"]
[Site "Warszawa"]
[Date "2012.05.22"]
[Round "7"]
[White "Rozycki, Dariusz"]
[Black "Bartczak, Hanna"]
[Result "0-1"]
[WhiteElo "1500"]
[BlackElo "1645"]
[PlyCount "70"]
[EventDate "2012.04.10"]
[EventType "tourn"]
[EventRounds "1"]
[EventCountry "POL"]
[SourceDate "2012.04.11"]

1. e4 d6 2. d4 Nf6 3. Nc3 c6 4. f4 Nbd7 5. Nf3 e5 6. dxe5 dxe5 7. Nxe5 Nxe5 8.
Qxd8+ Kxd8 9. fxe5 Ng4 10. Bf4 Bc5 11. O-O-O+ Ke7 12. Bg3 Be6 13. Kb1 Rad8 14.
Bd3 Bd4 15. Bh4+ f6 16. exf6+ Bxf6 17. Bxf6+ Kxf6 18. Rhf1+ Ke7 19. h3 Ne3 20.
Rf2 Nxd1 21. Nxd1 Rhf8 22. Rf3 Rxf3 23. gxf3 Bxh3 24. Kc1 Rf8 25. Kd2 Rxf3 26.
Ke2 Rf8 27. Nf2 Be6 28. b3 h5 29. Kf1 g5 30. Kg2 h4 31. Nh3 Bxh3+ 32. Kxh3 Rf4
33. a3 Ke6 34. a4 Ke5 35. Kh2 Rxe4 0-1

[Event "104th YMCA Spring D"]
[Site "Warszawa"]
[Date "2012.05.22"]
[Round "7"]
[White "Skwarek, Hubert"]
[Black "Jackiewicz, Jerzy"]
[Result "1-0"]
[WhiteElo "1631"]
[BlackElo "1668"]
[PlyCount "67"]
[EventDate "2012.04.10"]
[EventType "tourn"]
[EventRounds "1"]
[EventCountry "POL"]
[SourceDate "2012.04.11"]

1. e4 c5 2. Nf3 Nc6 3. d4 cxd4 4. Nxd4 e5 5. Nb5 d6 6. N1c3 a6 7. Na3 Nf6 8.
Bg5 Be7 9. Nc4 b5 10. Bxf6 gxf6 11. Ne3 Be6 12. Ncd5 Rb8 13. c3 Qd7 14. Qf3 Qd8
15. a4 Rg8 16. axb5 axb5 17. Bd3 Rg6 18. O-O Kf8 19. b4 Kg7 20. Ra6 Qd7 21.
Rxc6 Qxc6 22. Nxe7 Qxc3 23. Nxg6 hxg6 24. Bxb5 Qxb4 25. Bd3 Qa3 26. Bc4 Qb2 27.
Bd5 Bd7 28. h3 Rh8 29. Nc4 Qb4 30. Ne3 Rh4 31. Ra1 Rf4 32. Qd1 Qb2 33. Ra2 Qb6
34. g3 1-0

[Event "104th YMCA Spring D"]
[Site "Warszawa"]
[Date "2012.04.20"]
[Round "7"]
[White "Budrewicz, Henryk"]
[Black "Sokur, Ivan"]
[Result "1-0"]
[WhiteElo "1633"]
[BlackElo "1456"]
[PlyCount "77"]
[EventDate "2012.04.10"]
[EventType "tourn"]
[EventRounds "1"]
[EventCountry "POL"]
[SourceDate "2012.04.11"]

1. d4 e6 2. e3 d5 3. Bd3 c5 4. c3 Nc6 5. f4 Nf6 6. Nd2 Qb6 7. Ngf3 cxd4 8. exd4
Bd6 9. Ne5 O-O 10. Qe2 Ne7 11. O-O Bd7 12. Ndf3 Bc6 13. Ng5 h6 14. Ngf3 Rac8
15. Kh1 Ne4 16. c4 Bxe5 17. fxe5 Nf5 18. Bxe4 dxe4 19. Nd2 Qxd4 20. Nb3 Qxe5
21. Bf4 Qf6 22. Be3 Qg6 23. Bxa7 e3 24. Rf4 h5 25. Nd4 Nd6 26. Nxc6 Rxc6 27.
Bxe3 Nf5 28. Bd2 Rd8 29. Bc3 Rdc8 30. b3 Rd8 31. g4 hxg4 32. Rxg4 Qh6 33. Rag1
g6 34. Qe5 Rcd6 35. Qf6 Ng7 36. Rh4 Nh5 37. Rxh5 e5 38. Qxd8+ Rxd8 39. Rxh6 1-0

[Event "104th YMCA Spring D"]
[Site "Warszawa"]
[Date "2012.05.11"]
[Round "8"]
[White "Duda, Ryszard"]
[Black "Sokur, Ivan"]
[Result "0-1"]
[WhiteElo "1692"]
[BlackElo "1456"]
[PlyCount "79"]
[EventDate "2012.04.10"]
[EventType "tourn"]
[EventRounds "1"]
[EventCountry "POL"]
[SourceDate "2012.04.11"]

1. c4 g6 2. d4 Bg7 3. e4 c5 4. Nf3 cxd4 5. Nxd4 Nc6 6. Be3 e6 7. Nc3 Nge7 8.
Be2 O-O 9. O-O Nxd4 10. Bxd4 e5 11. Bc5 b6 12. Bd6 Re8 13. Nb5 Bb7 14. Nc7 Bxe4
15. Nxa8 Bxa8 16. Qa4 Nf5 17. Rad1 Qg5 18. g3 Nd4 19. Rxd4 exd4 20. Bf4 Qf5 21.
Bd1 a5 22. Qc2 d3 23. Qd2 Qe4 24. f3 Qxc4 25. Re1 Rxe1+ 26. Qxe1 Qe6 27. Qd2
Qd5 28. Be3 Bd4 29. Bb3 Bxe3+ 30. Qxe3 Qc5 31. Kf2 d5 32. Qxc5 bxc5 33. f4 c4
34. Ba4 d4 35. Bb5 Bd5 36. a3 d2 37. Ke2 c3 38. bxc3 dxc3 39. Ba4 Kg7 40. Kd1
0-1

[Event "104th YMCA Spring D"]
[Site "Warszawa"]
[Date "2012.05.11"]
[Round "8"]
[White "Jackiewicz, Jerzy"]
[Black "Budrewicz, Henryk"]
[Result "1-0"]
[WhiteElo "1668"]
[BlackElo "1633"]
[PlyCount "127"]
[EventDate "2012.04.10"]
[EventType "tourn"]
[EventRounds "1"]
[EventCountry "POL"]
[SourceDate "2012.04.11"]

1. e4 c5 2. Nf3 g6 3. c3 Bg7 4. d4 cxd4 5. cxd4 d6 6. Be2 Nc6 7. O-O Bd7 8. Nc3
a6 9. Be3 Nf6 10. h3 O-O 11. d5 Ne5 12. Nxe5 dxe5 13. Bf3 Ne8 14. Rc1 Nd6 15.
b3 b5 16. Qd2 f5 17. Bh6 f4 18. Bxg7 Kxg7 19. Qb2 Rh8 20. Ne2 g5 21. g4 h5 22.
Kg2 Nf7 23. Rh1 h4 24. Rc5 Qb6 25. Rhc1 Rhc8 26. b4 a5 27. a3 axb4 28. axb4 Kf6
29. Rxc8 Rxc8 30. Rxc8 Bxc8 31. Qc3 Nd6 32. Qc5 Qb7 33. Nc3 Bd7 34. Be2 Be8 35.
f3 Qa6 36. Kf2 Nb7 37. Qc8 Qb6+ 38. Kf1 Kf7 39. Qf5+ Qf6 40. Qxf6+ Kxf6 41.
Bxb5 Bxb5+ 42. Nxb5 Nd6 43. Nxd6 exd6 44. Ke2 Ke7 45. Kd3 Kd7 46. Kc4 Kc7 47.
Kb5 Kb7 48. Ka5 Ka7 49. b5 Kb7 50. b6 Kb8 51. Kb4 Kc8 52. Ka5 Kb8 53. Ka6 Ka8
54. Kb5 Kb7 55. Ka5 Kb8 56. Ka6 Ka8 57. b7+ Kb8 58. Ka5 Kxb7 59. Kb5 Kc7 60.
Ka6 Kc8 61. Kb6 Kd7 62. Kb7 Kd8 63. Kc6 Ke7 64. Kc7 1-0

[Event "104th YMCA Spring D"]
[Site "Warszawa"]
[Date "2012.05.24"]
[Round "8"]
[White "Herman, Monika"]
[Black "Wilczynski, Adam"]
[Result "1-0"]
[WhiteElo "1670"]
[BlackElo "1654"]
[PlyCount "53"]
[EventDate "2012.04.10"]
[EventType "tourn"]
[EventRounds "1"]
[EventCountry "POL"]
[SourceDate "2012.04.11"]

1. e4 c5 2. c3 Nf6 3. e5 Nd5 4. d4 cxd4 5. Qxd4 e6 6. Qg4 Nc6 7. Nf3 d6 8. exd6
Qxd6 9. Bb5 Bd7 10. O-O O-O-O 11. Bxc6 Bxc6 12. Qd4 b6 13. Ne5 Be8 14. Rd1 f6
15. Qc4+ Kb7 16. Nd3 Bh5 17. g4 Rc8 18. Qd4 Bf7 19. a4 e5 20. Qe4 Bg6 21. Qh1
Qc6 22. Nxe5 fxe5 23. Qxd5 Re8 24. Qd7+ Qc7 25. a5 Re7 26. Qd5+ Qc6 27. a6+ 1-0

[Event "104th YMCA Spring D"]
[Site "Warszawa"]
[Date "2012.04.27"]
[Round "8"]
[White "Zwolan, Anna"]
[Black "Gajewski, Wojciech"]
[Result "1-0"]
[WhiteElo "1679"]
[BlackElo "1481"]
[PlyCount "55"]
[EventDate "2012.04.10"]
[EventType "tourn"]
[EventRounds "1"]
[EventCountry "POL"]
[SourceDate "2012.04.11"]

1. e4 g6 2. d4 Bg7 3. Nf3 d6 4. Nc3 a6 5. Be3 Nd7 6. Be2 Ngf6 7. h3 b5 8. e5
Ng8 9. e6 fxe6 10. Ng5 Nf8 11. Bf3 d5 12. h4 h6 13. Nh3 c6 14. Qd3 e5 15. dxe5
Bf5 16. Qd2 Bxh3 17. Rxh3 Bxe5 18. Bc5 Qc7 19. Qd3 O-O-O 20. a4 Ne6 21. Bg4 Rd6
22. Bxd6 Qxd6 23. Bxe6+ Qxe6 24. O-O-O Nf6 25. Qxg6 d4 26. Ne4 Bf4+ 27. Nd2 Qa2
28. Qf5+ 1-0

[Event "104th YMCA Spring D"]
[Site "Warszawa"]
[Date "2012.05.25"]
[Round "9"]
[White "Gajewski, Wojciech"]
[Black "Duda, Ryszard"]
[Result "0-1"]
[WhiteElo "1481"]
[BlackElo "1692"]
[PlyCount "72"]
[EventDate "2012.04.10"]
[EventType "tourn"]
[EventRounds "1"]
[EventCountry "POL"]
[SourceDate "2012.04.11"]

1. Nf3 c5 2. g3 e6 3. Bg2 d5 4. d3 Nc6 5. O-O Nf6 6. Re1 Be7 7. Nbd2 O-O 8. e4
dxe4 9. dxe4 e5 10. c3 Bg4 11. h3 Be6 12. Qe2 h6 13. Nf1 Qc7 14. Nh4 Qc8 15.
Kh2 Bd6 16. Ne3 Ne7 17. Qf3 Rb8 18. Rd1 Rd8 19. a4 g5 20. Nhf5 Nxf5 21. exf5 e4
22. Qe2 Bxf5 23. Nc4 Bc7 24. Re1 Kg7 25. Be3 b6 26. b4 cxb4 27. cxb4 Qe6 28.
Bf1 Rd7 29. Qb2 Rbd8 30. Rac1 Kg8 31. Bd2 Nd5 32. b5 Bg6 33. f3 Qf5 34. Ne3
Qxf3 35. Bg2 Qxg3+ 36. Kh1 Qh2# 0-1

[Event "104th YMCA Spring D"]
[Site "Warszawa"]
[Date "2012.05.02"]
[Round "9"]
[White "Sokur, Ivan"]
[Black "Jackiewicz, Jerzy"]
[Result "0-1"]
[WhiteElo "1456"]
[BlackElo "1668"]
[PlyCount "108"]
[EventDate "2012.04.10"]
[EventType "tourn"]
[EventRounds "1"]
[EventCountry "POL"]
[SourceDate "2012.04.11"]

1. d4 d5 2. c4 c6 3. Nc3 Nf6 4. Nf3 h6 5. Bf4 e6 6. e3 Bd6 7. Bxd6 Qxd6 8. Qc2
Nbd7 9. cxd5 exd5 10. Bd3 O-O 11. O-O Re8 12. Rac1 Nf8 13. Ne2 Bg4 14. Ne1 Bh5
15. Ng3 Bg6 16. Bxg6 Nxg6 17. Nf3 Re6 18. Rfe1 Qd7 19. Nd2 Rae8 20. Nb3 b6 21.
a4 Ne4 22. Nxe4 dxe4 23. Red1 Nh4 24. g3 Rg6 25. Kf1 Qh3+ 26. Ke2 Nf3 27. Nd2
Qg4 28. Nxf3 Qxf3+ 29. Ke1 Qh1+ 30. Ke2 Qxh2 31. Rh1 Qg2 32. Rcg1 Qf3+ 33. Ke1
Qf5 34. Rh4 c5 35. Rf4 Qd5 36. dxc5 bxc5 37. Ke2 Rd6 38. Rd1 Qxd1+ 39. Qxd1
Rxd1 40. Kxd1 g6 41. Rf6 Rb8 42. Kc2 Rb6 43. Rxb6 axb6 44. Kc3 h5 45. Kc4 g5
46. Kb5 h4 47. Kxb6 h3 48. a5 h2 49. a6 h1=Q 50. a7 Qa1 51. Kb7 Qxb2+ 52. Ka8
Qa2 53. Kb7 c4 54. f4 exf3 0-1

[Event "104th YMCA Spring D"]
[Site "Warszawa"]
[Date "2012.05.16"]
[Round "10"]
[White "Gajewski, Wojciech"]
[Black "Wilczynski, Adam"]
[Result "0-1"]
[WhiteElo "1481"]
[BlackElo "1654"]
[PlyCount "74"]
[EventDate "2012.04.10"]
[EventType "tourn"]
[EventRounds "1"]
[EventCountry "POL"]
[SourceDate "2012.04.11"]

1. Nf3 d5 2. g3 c5 3. Bg2 Nc6 4. d3 e5 5. Nbd2 Nf6 6. O-O Be7 7. c3 O-O 8. Re1
b5 9. e4 d4 10. c4 a6 11. h3 Bd7 12. Kh2 Ne8 13. b3 Nc7 14. Nf1 Ne6 15. Kh1 Ng5
16. Nxg5 Bxg5 17. Nd2 Nb4 18. Nf3 Bxc1 19. Rxc1 Nxa2 20. Ra1 Nc3 21. Qd2 Qc7
22. Nh4 b4 23. f4 f6 24. f5 a5 25. Bf3 a4 26. Bd1 Ra7 27. g4 Rfa8 28. bxa4 Bxa4
29. Bxa4 Rxa4 30. Rxa4 Rxa4 31. g5 Ra2 32. Qc1 Qe7 33. Nf3 fxg5 34. Rg1 h6 35.
Rg2 Rxg2 36. Kxg2 Qa7 37. Nxe5 Qa2+ 0-1